Gastroenterology / (Record no. 3702)
[ view plain ]
| 000 -LEADER | |
|---|---|
| fixed length control field | 00808pam a2200253 a 4500 |
| 001 - CONTROL NUMBER | |
| control field | 4945918 |
| 005 - DATE AND TIME OF LATEST TRANSACTION | |
| control field | 20250208191358.0 |
| 008 - FIXED-LENGTH DATA ELEMENTS--GENERAL INFORMATION | |
| fixed length control field | 960827s1997 paua b 001 0 eng c |
| 020 ## - INTERNATIONAL STANDARD BOOK NUMBER | |
| International Standard Book Number | 9780721658643 |
| 050 10 - LIBRARY OF CONGRESS CALL NUMBER | |
| Classification number | RC801 |
| Item number | .H47 1997 |
| 082 00 - DEWEY DECIMAL CLASSIFICATION NUMBER | |
| Classification number | 616.3/3 |
| Edition information | 20 |
| 100 1# - MAIN ENTRY--PERSONAL NAME | |
| Personal name | Heuman, Douglas M. |
| 245 10 - TITLE STATEMENT | |
| Title | Gastroenterology / |
| Statement of responsibility, etc. | Douglas M. Heuman, A. Scott Mills, Hunter H. McGuire, Jr. |
| 260 ## - PUBLICATION, DISTRIBUTION, ETC. | |
| Place of publication, distribution, etc. | Philadelphia : |
| Name of publisher, distributor, etc. | W.B. Saunders Co., |
| Date of publication, distribution, etc. | c1997. |
| 300 ## - PHYSICAL DESCRIPTION | |
| Extent | vi, 326 p. : |
| Other physical details | ill. (some col.) ; |
| Dimensions | 28 cm. |
| 440 #0 - SERIES STATEMENT/ADDED ENTRY--TITLE | |
| Title | Saunders text and review series |
| 650 #0 - SUBJECT ADDED ENTRY--TOPICAL TERM | |
| Topical term or geographic name entry element | Gastroenterology. |
| 650 12 - SUBJECT ADDED ENTRY--TOPICAL TERM | |
| Topical term or geographic name entry element | Digestive System Diseases. |
| 650 22 - SUBJECT ADDED ENTRY--TOPICAL TERM | |
| Topical term or geographic name entry element | Digestive System |
| General subdivision | physiology. |
| 650 22 - SUBJECT ADDED ENTRY--TOPICAL TERM | |
| Topical term or geographic name entry element | Gastroenterology |
| General subdivision | methods. |
| 700 1# - ADDED ENTRY--PERSONAL NAME | |
| Personal name | Mills, A. Scott. |
| 700 1# - ADDED ENTRY--PERSONAL NAME | |
| Personal name | McGuire, Hunter H., |
| Dates associated with a name | 1929- |
| 942 ## - ADDED ENTRY ELEMENTS (KOHA) | |
| Source of classification or shelving scheme | Library of Congress Classification |
| Koha item type | Books |
| Suppress in OPAC | No |
| 999 ## - | |
| -- | 3702 |
| -- | 3702 |
| Withdrawn status | Lost status | Source of classification or shelving scheme | Damaged status | Not for loan | Collection | Home library | Current library | Shelving location | Date acquired | Total checkouts | Full call number | Barcode | Date last seen | Copy number | Price effective from | Koha item type |
|---|---|---|---|---|---|---|---|---|---|---|---|---|---|---|---|---|
| Library of Congress Classification | Non-fiction | Science Library (Miotso) | Science Library (Miotso) | General stacks | 02/08/2025 | RC801 .H47 HEU | SLM00003281 | 02/08/2025 | 1 | 02/08/2025 | Books | |||||
| Library of Congress Classification | Non-fiction | Science Library (Miotso) | Science Library (Miotso) | General stacks | 02/08/2025 | RC801 .H47 HEU | SLM00003282 | 02/08/2025 | 2 | 02/08/2025 | Books |